| 000 | 00470nam a2200193Ia 4500 | ||
|---|---|---|---|
| 008 | 210210b2010 xxu||||| |||| 00| 0 eng d | ||
| 020 | _a9788127261536 | ||
| 041 | _aeng | ||
| 082 | _a620.8 SINB | ||
| 100 | _aSINGH (B D) | ||
| 245 | _aBiotechnology: expanding horizons | ||
| 260 |
_aLudhiana _bKalyani Publishers _c2010 |
||
| 300 | _a925 | ||
| 650 | _ahorizons | ||
| 650 | _aexpanding | ||
| 650 | _aBiotechnology: | ||
| 690 | _aBiotechnology | ||
| 906 | _a066568 | ||
| 999 |
_c148189 _d148189 |
||